000 00695nam a2200217Ia 4500
003 IN-BaIIA
008 211028s9999 xx 000 0 eng d
020 _a981-256-357-1
040 _cIIA Library
080 _a523.9
_bBHA
100 _aBhatnagar, Arvind
245 0 _aFundamentals of solar astronomy
_cArvind Bhatnagar and William Livingston
260 _aNew Jersey
_bWorld Scientific
_c2005
300 _axix, 445p.
490 _aWorld Scientific series in astronomy and astrophysics; v. 6
650 _aSolar astronomy
_92961
650 _aSolar atmosphere
_94799
650 _aSolar eclipse
_91412
700 _aLivingston, William
942 _cBK
999 _c16044
_d16044